Most Guessed Countries Quiz - Statistics

General Stats
  • This quiz has been taken 50 times
  • The average score is 21 of 22
Answer Stats
Percentage Continent Answer % Correct
94% South America Brazil
100%
96% North America Canada
100%
95% Asia China
100%
94% Europe France
100%
92% Asia Japan
100%
94% Oceania Australia
98%
88% Africa Egypt
98%
92% Asia India
98%
95% North America Mexico
98%
96% Asia/Europe Russia
98%
93% Europe Spain
98%
94% Europe United KIngdom
98%
87% South America Argentina
96%
86% South America Chile
96%
92% Europe Germany
96%
97% North America United States
96%
94% Europe Italy
94%
87% Europe Portugal
94%
87% Europe Sweden
94%
88% Europe Ireland
91%
88% Africa South Africa
89%
88% Europe Iceland
87%
No matching quizzes found
Score Distribution
Percent of People with Each Score
Percentile by Number Answered
Your Score History
You have not taken this quiz